000 01043nam a22003377a 4500
001 BR0402124
003 BR-BrBNA
005 20230928101606.0
007 ta
008 230509b bl.||||| |||| 00| 0 por d
040 _aBR-BrBNA
_bpor
_cBiblioteca Nacional de Agricultura
041 _a(Por)
072 _aT01; U10
_b0210
_b3879
_b3871
090 _ 0210 BR0402124
100 1 _aCorrêa, M.M.
110 1 _aUniversidade Federal de Lavras, MG (Brasil)
_0Tese (Mestrado)
245 1 _aMobilidade e retenção do inseticida-nematicida sulfona de aldicarbe em colunas de solos de regiões produtoras de batata de Minas Gerais
260 3 _aLavras, MG (Brasil):
_c1996.
300 _a76 p.
500 _aSummaries (Eng, Por); Bibliography p. 65-71; 8 tables; 16 illus.
650 _aBATATA
650 _aPESTICIDA
650 _aADSORÇÃO
650 _aNEMATICIDA
650 _aMODELO MATEMÁTICO
650 _aSOLO
650 _aPOLUIÇÃO
650 _aMINAS GERAIS
909 _a202309
_bLucia
_c55
_dLucia Elande
942 _cBK
999 _c66598
_d66598